000 00665nam a22002177a 4500
999 _c8994
_d8994
001 8994
003 OSt
005 20180306133806.0
008 180306b1997 bg ||||| |||| 00| 0 ben d
035 _a(BD-JhCC)8994
040 _aBD-JhCC
_dBD-JhCC
041 _aben
082 _a323.4
_bMAH 1997
100 _aমাহমুদ, মজিদ
245 _aনজরুল তৃতীয় বিশ্বের মুখপাত্র /
_cমজিদ মাহমুদ
260 _aঢাকাঃ
_bনজরুল ইন্সটিটিউট
_c1997.
300 _a175 . :
_c23 cm.
650 _aPolitical science
942 _2ddc
_cBK